header

The process of politics in Europe (Record no. 232584)

MARC details
000 -LEADER
fixed length control field 01654nam a2200397Ia 4500
082 04 - DEWEY DECIMAL CLASSIFICATION NUMBER
Classification number 351.409045
100 1# - MAIN ENTRY--AUTHOR NAME
Personal name Seidel, Katja.
245 14 - TITLE STATEMENT
Title The process of politics in Europe
260 ## - PUBLICATION, DISTRIBUTION, ETC. (IMPRINT)
Place of publication London ;
-- New York :
Name of publisher Tauris Academic Studies,
Year of publication 2010.
300 ## - PHYSICAL DESCRIPTION
Number of Pages xvi, 245 p. :
Other physical details ill.
490 1# - SERIES STATEMENT
Series statement Library of European studies ;
650 #0 - SUBJECT ADDED ENTRY--TOPICAL TERM
Topical Term Public administration
Topical Term Civil service
Topical Term Elite (Social sciences)
Topical Term Supranationalism
856 40 - ELECTRONIC LOCATION AND ACCESS
Uniform Resource Identifier http://site.ebrary.com/lib/rucke/Doc?id=10428810

No items available.

© 2026 Rongo University
Contact us: librarian | system librarian | Rongo university